[Event "Vaxjo op"]
[Site "Vaxjo"]
[Date "2024.02.09"]
[Round "1"]
[White "Gustafsson, Simon"]
[Black "Seo, Jung Min"]
[Result "0-1"]
[WhiteElo "1875"]
[BlackElo "2466"]
[PlyCount "102"]
[EventDate "2024.02.09"]
[EventType "swiss"]
[EventRounds "8"]
[EventCountry "SWE"]
[SourceTitle "CBM 218 Extra"]
[Source "ChessBase"]
[SourceDate "2024.03.31"]
[SourceVersion "1"]
[SourceVersionDate "2024.03.31"]
[SourceQuality "1"]

1. e4 c5 2. Nf3 Nc6 3. d4 cxd4 4. Nxd4 e6 5. c4 Nf6 6. Nc3 Bb4 7. Qd3 Ne5 8. Qg3 Ng6 9. Bd3 d6 10. 0-0 0-0 11. f4 Bc5 12. Be3 e5 13. fxe5 Ng4 14. Nf5 Nxe3 15. Nxe3 Nxe5 16. Be2 Be6 17. Kh1 Bxe3 18. Qxe3 Nxc4 19. Bxc4 Bxc4 20. Rfd1 Qf6 21. Qd4 Qxd4 22. Rxd4 Be6 23. Rxd6 Rac8 24. Rad1 h6 25. Kg1 Rfe8 26. Kf2 Kf8 27. R1d2 Rc5 28. Rd8 Ke7 29. Rxe8+ Kxe8 30. Ke3 Rh5 31. g3 Ra5 32. a3 Rc5 33. Nd5 Bxd5 34. exd5 Kd7 35. Rf2 f6 36. Ke4 Kd6 37. Rd2 g6 38. g4 Rc4+ 39. Kf3 b5 40. h3 a5 41. Ke3 b4 42. axb4 Rxb4 43. Kf3 Rb3+ 44. Kg2 a4 45. Kh2 Rb5 46. Rd4 Rxb2+ 47. Kg3 a3 48. Ra4 Rb3+ 49. Kf4 Kxd5 50. Ra6 Rxh3 51. Rxf6 g5+ 0-1